Human resources management in Canada / (Record no. 691)

000 -LEADER
fixed length control field 01462cam a2200433 a 4500
003 - CONTROL NUMBER IDENTIFIER
control field CaOOAMICUS
005 - DATE AND TIME OF LATEST TRANSACTION
control field 20210616105334.0
008 - FIXED-LENGTH DATA ELEMENTS--GENERAL INFORMATION
fixed length control field 061011s2008 oncackl b 001 0 eng
020 ## - INTERNATIONAL STANDARD BOOK NUMBER
International Standard Book Number 9780132270878 (pbk.) :
040 ## - CATALOGING SOURCE
Transcribing agency CaOONL
043 ## - GEOGRAPHIC AREA CODE
Geographic area code n-cn---
050 ## - LIBRARY OF CONGRESS CALL NUMBER
Classification number HF5549
Item number .D49 2008
055 01 - CLASSIFICATION NUMBERS ASSIGNED IN CANADA
Classification number HF5549
055 #0 - CLASSIFICATION NUMBERS ASSIGNED IN CANADA
Classification number HF5549
Item number .D49 2008
090 ## - LOCALLY ASSIGNED LC-TYPE CALL NUMBER (OCLC); LOCAL CALL NUMBER (RLIN)
Classification number (OCLC) (R) ; Classification number, CALL (RLIN) (NR) 658.3 DES
090 ## - LOCALLY ASSIGNED LC-TYPE CALL NUMBER (OCLC); LOCAL CALL NUMBER (RLIN)
Classification number (OCLC) (R) ; Classification number, CALL (RLIN) (NR) 658.3 D268 2008
100 1# - MAIN ENTRY--PERSONAL NAME
Personal name Dessler, Gary,
Dates associated with a name 1942-
245 10 - TITLE STATEMENT
Title Human resources management in Canada /
Statement of responsibility, etc. Gary Dessler, Nina D. Cole.
250 ## - EDITION STATEMENT
Edition statement Canadian tenth edition
260 ## - PUBLICATION, DISTRIBUTION, ETC.
Place of publication, distribution, etc. Toronto :
Name of publisher, distributor, etc. Pearson Prentice Hall,
Date of publication, distribution, etc. c2008.
300 ## - PHYSICAL DESCRIPTION
Extent xx, 520 pages :
Other physical details color illustrations, forms, portraits, samples ;
Dimensions 28 cm.
336 ## - CONTENT TYPE
Content type term text
Content type code txt
Source rdacontent
337 ## - MEDIA TYPE
Media type term unmediated
Media type code n
Source rdamedia
338 ## - CARRIER TYPE
Carrier type term volume
Carrier type code nc
Source rdacarrier
500 ## - GENERAL NOTE
General note Canadian 5th ed. published under title: Human resource management in Canada.
500 ## - GENERAL NOTE
General note Chapter 3 by Julie Bulmash.
504 ## - BIBLIOGRAPHY, ETC. NOTE
Bibliography, etc. note Includes bibliographical references and indexes.
650 #0 - SUBJECT ADDED ENTRY--TOPICAL TERM
Topical term or geographic name entry element Personnel management
Form subdivision Textbooks.
650 #0 - SUBJECT ADDED ENTRY--TOPICAL TERM
Topical term or geographic name entry element Personnel management
Geographic subdivision Canada
Form subdivision Textbooks.
700 1# - ADDED ENTRY--PERSONAL NAME
Personal name Cole, Nina D.
Fuller form of name (Nina Dawn)
700 1# - ADDED ENTRY--PERSONAL NAME
Personal name Bulmash, Julie.
700 1# - ADDED ENTRY--PERSONAL NAME
Personal name Dessler, Gary,
Dates associated with a name 1942-
Title of a work Human resource management in Canada.
910 ## - USER-OPTION DATA (OCLC)
User-option data Canadian
942 ## - ADDED ENTRY ELEMENTS (KOHA)
Source of classification or shelving scheme
Koha item type Book
Suppress in OPAC DO
Holdings
Withdrawn status Lost status Source of classification or shelving scheme Damaged status Not for loan Permanent Location Current Location Shelving location Date acquired Total Checkouts Full call number Barcode Date last seen Price effective from Koha item type Public note
          AU LIBRARY AU LIBRARY Open Shelf 16.06.2021   HF5549 .D49 2008 28002625 16.06.2021 16.06.2021 Book DO

Powered by Koha